| 000 | 00350nam a2200145Ia 4500 | ||
|---|---|---|---|
| 008 | 210210b1977 xxu||||| |||| 00| 0 eng d | ||
| 082 | _a530.01 KITI | ||
| 100 | _aKITAIGORODSKY (Alexander). | ||
| 245 | _aI am a physicist. | ||
| 260 |
_aMoscow _bMir Publishers _c1977 |
||
| 300 | _a213 | ||
| 650 | _aPhysicist | ||
| 690 | _aPhysics | ||
| 906 | _a033511 | ||
| 999 |
_c84756 _d84756 |
||